Reconversió industrial : projecte projecte
Publicado:
Barcelona :
Diputació de Barcelona. Fundació Pública Casa de Caritat. Imprenta Escola ,
1985
Descripción Física:
42 f., [3] f. : taules ; 31 cm
MARC
| LEADER | 00000nam a2200000Ia 4500 | ||
|---|---|---|---|
| 001 | 20483 | ||
| 008 | 160829s1985 xx 000 0 cat d | ||
| 080 | |a FU-12-39 | ||
| 245 | |a Reconversió industrial : |b projecte | ||
| 260 | |a Barcelona : |b Diputació de Barcelona. Fundació Pública Casa de Caritat. Imprenta Escola, |c 1985 | ||
| 300 | |a 42 f., [3] f. : |b taules ; |c 31 cm | ||
| 590 | |a Inclou 2 plànols de les instal·lacions de la Imprenta Escola (còpia): Distribució de la primera planta i distribució de la planta baixa; escala 1:100. | ||
| 590 | |a Prové de 2876, exp. 44 | ||
| 650 | |a Casa de Caritat (Barcelona). Impremta Escola |x Projectes |9 47829 | ||
| 710 | |a Casa de Caritat (Barcelona, Catalunya) |9 52406 | ||
| 901 | |a Arxiu | ||
| 942 | |n 1 | ||
| 952 | |0 0 |1 0 |4 0 |6 FU1239 |7 1 |9 54138 |a Arxiu |b Arxiu |d 2016-12-01 |l 0 |o FU-12-39 |p 20483 |r 2016-12-01 00:00:00 |w 2016-12-01 |y ARXIU | ||
| 999 | |c 58007 |d 58007 | ||